000 00316nam a2200145Ia 4500
005 20260513122049.0
020 _a9783319242750
100 _aWickham
365 _c
365 _b28.00
942 _cBK
245 _aggplot2: Elegant Graphics for Data Analysis 2/e
260 _bSpringer
999 _c12
_d12